000 00615nam a2200217 a 4500
001 17278
003 BD-RjUL
005 20211209000120.0
008 140216t19651958 ua 001 0 eng d
035 _a(BD-RjUL)17336
040 _aQUT
_beng
_cQUT
_dABN-SNR
_dBD-RjUL
041 _aeng
082 0 4 _a658.4
_bROA 1965
100 1 _aRoy, Robert H.
_953272
245 1 4 _aThe administrative process /
_cRobert H. Roy.
260 _aBaltimore, Md. :
_bJohns Hopkins Press,
_c1958 [1965].
300 _axi, 236 p. ;
_c21 cm.
504 _aIncludes indexes.
650 0 _aIndustrial management.
_953273
942 _2ddc
_cBK
999 _c17278
_d17278